Quantum mechanics : (رقم التسجيلة. 32332)

تفاصيل مارك
000 -الفاتح
حقل البيانات ثابتة الطول 01320cam a2200373 a 4500
001 - رقم الضبط
رقم الضبط 9044675
003 - محدد رقم الضبط
رقم الضبط OSt
005 - وقت وتاريخ اخر تعامل مع التسجيلة
رقم الضبط 20150408114154.0
008 - عناصر البيانات ثابتة الطول - معلومات عامة
حقل البيانات ثابتة الطول 110822s2012 enka b 001 0 eng d
020 ## - الرقم الدولى المعيارى للكتب
الرقم الدولى المعيارى للكتاب 9781848167698
020 ## - الرقم الدولى المعيارى للكتب
الرقم الدولى المعيارى للكتاب 1848167695
020 ## - الرقم الدولى المعيارى للكتب
الرقم الدولى المعيارى للكتاب 9781848167704 (pbk.)
020 ## - الرقم الدولى المعيارى للكتب
الرقم الدولى المعيارى للكتاب 1848167709 (pbk.)
024 ## - معرف معيارى اخر
الرقم او الرمز المعيارى 99944950944
035 ## - رقم ضبط النظام
رقم ضبط النظام (OCoLC)751836211
035 ## - رقم ضبط النظام
رقم ضبط النظام (OCoLC)ocn751836211
035 ## - رقم ضبط النظام
رقم ضبط النظام (NNC)9044675
040 ## - مصدر الفهرسة
وكالة الفهرسة الأصلية UKMGB
وكالة النسخ UKMGB
وكالة التعديل YDXCP
-- NhCcYBP
050 #4 - رقم طلب مكتبة الكونجرس
رقم التصنيف QC173.98
رقم المادة .S75 2012
082 04 - رقم تصنيف ديوى العشرى
رقم التصنيف 530.1209
رقم الطبعة 23
رقم المادة SEQ
100 1# - المدخل الرئيسى - إسم شخصى
الإسم الشخصى Steward, E. G.
الشكل الأكمل للاسم (Edward G.),
التواريخ المصاحبة للاسم 1923-
9 (RLIN) 40429
245 10 - بيان العنوان
العنوان Quantum mechanics :
بقية العنوان its early development and the road to entanglement and beyond /
بيان المسئوليه,etc Edward G. Steward ; with a contribution by Sara M. McMurry.
250 ## - بيان الطبعة
بيان الطبعة New enl. ed., 2nd ed.
260 ## - PUBLICATION, DISTRIBUTION, ETC. (IMPRINT)
مكان الناشر او الموزع London :
اسم الناشر او الموزع Imperial College Press ;
مكان الناشر او الموزع Singapore ;
-- Hackensack, NJ :
اسم الناشر او الموزع Distributed by World Scientific Pub. Co.,
تاريخ النشر أو التوزيع c2012.
300 ## - الوصف المادى
التعداد xxiii, 315 p. :
تفاصيل ماديه اخرى للوعاء ill. ;
أبعاد الوعاء 24 cm.
500 ## - تبصرة عامة
تبصرة عامة Previous ed.: London: Imperial College Press, 2008.
504 ## - تبصرة ببليوجرافية
تبصرة ببليوجرافية,الخ Includes bibliographical references and index.
650 #0 - المدخل الاضافى بالموضوع-مصطلح موضوعى
مصطلح موضوعي أو اسم جغرافي كعنصر مدخل Quantum theory
التقسيم الفرعي العام History.
9 (RLIN) 40430
650 #0 - المدخل الاضافى بالموضوع-مصطلح موضوعى
مصطلح موضوعي أو اسم جغرافي كعنصر مدخل Quantum theory.
700 1# - المدخل الاضافى - اسم شخصى
الإسم الشخصى McMurry, Sara M.
9 (RLIN) 40431
942 ## - عناصر المدخل الإضافي( كوها)
مصدر التصنيف او مخطط الترفيف Dewey Decimal Classification
Koha [default] item type DVD
948 1# - معلومات معالجة محلية جزء السلاسل(OCLC); DESIGNATOR (RLIN)
Series part designator, SPT (RLIN) 20111207
b (OCLC) c
c (OCLC) jeb52
d (OCLC) MPS
المقتنيات
حالة الفقد نموذج السعر الفعال حالة تلف ليس للاعارة رقم الطلب تاريخ الاكتساب الموقع الحالي الفرع الرئيسي Date last seen نوع المادة فى نظام كوها مصدر التصنيف او خطة الترفيف Total Checkouts
  2013-11-18     530.1209 SEQ 2013-11-18 المكتبة المركزية بالمجمعة (CL) المكتبة المركزية بالمجمعة (CL) 2013-11-18 كتاب Dewey Decimal Classification